000 02108nam0a22003971 4500
001 RU\NLR\CVI\004907350
005 20260406163005.0
035 _a(NLR Aleph) 004907350
035 _av19\rc\1806577
090 _a13424173
_c13424173
100 _a20071224e19061906|||y0rusy50 ca
101 0 _arus
102 _aRU
105 _ay a |||||
200 1 _aМатериалы для библиографии мусульманской археологии
_eИз бумаг бар. В.Г. Тизенгаузена
_f[С предисл. изд.]
_gИзд. К.А. Иностранцев и Я.И. Смирнов
210 _aСанкт-Петербург
_cтип. Имп. Акад. наук
_d1906
215 _aVIII, 079-0348 с.
_d26
311 _aОтд. отт. из "Зап. Вост. отд-ния Имп. Рус. археол. о-ва". Т. 16, с. 079-0145, 0213-0416
488 0 _12001#$aЗаписки Восточного отделения Императорского Русского археологического общества$vТ. 16
_1215##$aС. 079-0145, 0213-0416
_tЗаписки Восточного отделения Императорского Русского археологического общества
702 1 _aИностранцев
_bК.А.
_f1876-1941
_gКонстантин Александрович
_4650
702 1 _4650
_7ca
_8rus
_aСмирнов
_bЯ. И.
_cисторик, археолог
_f1869-1918
_gЯков Иванович
_9253618
_3RU\NLR\AUTH\770253674
702 1 _aТизенгаузен
_bВ.Г.
_f1825-1902
_gВладимир Густавович
_4570
712 0 2 _aРусское археологическое общество
_bВосточное отделение
_3RU\NLR\AUTH\889934410
_9363923
801 0 _aRU
_bNLR
_gpsbo
801 0 _aRU
_bRuMoRGB
_2psbo
801 1 _aRU
_bProSoft-M
_2rusmarc
852 _aNLR
_j38.12.4.69
852 _aNLR
_jКрII-2088
899 _aRuMoRGB
_jR 21/126
899 _aRuMoRGB
_jЦБС
899 _aНБ СПбГУ
899 _aБАН
942 _cBOOK
980 _aNB
980 _aKRCH